| 000 | 00503nam a2200157 a 4500 | ||
|---|---|---|---|
| 001 | 000016339 | ||
| 005 | 20200929164359.0 | ||
| 008 | 100303s1916 dr 000 0 spa d | ||
| 040 |
_aDO-SdBNP _bspa _cBNPHU |
||
| 082 |
_axxx _bA174h |
||
| 100 | 1 |
_aAcevedo, Octavio A. _931904 |
|
| 245 | 1 | 0 |
_aHormigón o concreto armado : _bla ciencia del ingeniero y los pseudos-constructores / _cOctavio A. Acevedo. |
| 260 |
_aSanto Domingo : _bLa Cuna de América, _c1916. |
||
| 300 |
_a34 p. ; _c21 cm. |
||
| 049 | _aBNPD | ||
| 999 |
_c15874 _d15874 |
||